01291nam a2200301 a 4500001001200000003000800012006001900020007001500039008004100054020001800095020001800113020001500131040002100146035002100167050002100188100002000209245011700229260004100346300001800387500017500405504005200580533015200632650001300784650002000797655002900817710001700846856012600863ebr10302576CaPaEBRm u cr cn|||||||||091012s2002 ne a sb 000 0 dut d z9789056292577 z9789048508952 z9056292579 aCaPaEBRcCaPaEBR a(OCoLC)64779195114aN71b.G36 2002eb1 aGamboni, Dario.10aPortrait of the artist as a landscapeh[electronic resource] :ban inquiry into self-reflexion /cDario Gamboni. aAmsterdam :bVossiuspers UvA,c2002. a27 p. :bill. a"Inaugural lecture Delivered upon the installation as Professor of Art History (Modern and Contemporary Art) at the University of Amsterdam on Saturday 14 December 2002." aIncludes bibliographical references (p. 25-27). aElectronic reproduction.bPalo Alto, Calif. :cebrary,d2013.nAvailable via World Wide Web.nAccess may be limited to ebrary affiliated libraries. 0aArtists. 0aSelf-portraits. 7aElectronic books.2local2 aebrary, Inc.40uhttp://site.ebrary.com/lib/rucke/Doc?id=10302576zAn electronic book accessible through the World Wide Web; click to view